000 00401nam a2200193Ia 4500
001 13703
003 GE_BSU
008 181216s||||||||xx |||||||||||||| ||und||
040 _cGE_BSU
080 _a821.111-3
100 _aStephen,Fry
245 _aMaking History
260 _aLondon
260 _bHutchinson
260 _c1996
300 _a389p.24cm.
653 _aMaking History
942 _cBK
999 _c46851
_d46851